Dans quelle agglomération française est cette ville ? - City Quiz - Statistiques

Statistiques générales
  • Ce quiz a été pris 90 fois
  • Le résultat moyen est 16 sur 25
Statistiques - réponses
Hint Réponse % Correct
Biarritz Bayonne
90%
Vénissieux Lyon
85%
Schiltigheim Strasbourg
85%
Pantin Paris
82%
Villeneuve d'Ascq Lille
81%
Échirolles Grenoble
78%
Hyères Toulon
77%
Blagnac Toulouse
77%
Grasse Nice
73%
Cavaillon Avignon
68%
Carquefou Nantes
68%
Saint Étienne du Rouvray Rouen
67%
Olivet Orléans
63%
Cesson Sévigné Rennes
63%
Laxou Nancy
60%
Miramas Aix-Marseille
58%
Bruges Bordeaux
58%
Saint Chamond Saint Étienne
56%
Lattes Montpellier
51%
Petit Bourg Pointe à Pitre-Les Abymes
51%
Woippy Metz
49%
Chenôve Dijon
48%
Hénin Beaumont Douai-Lens
44%
Saint Avertin Tours
44%
Bruay la Buissière Béthune
37%
Aucun quiz correspondant
Distribution des résultats
% des personnes avec chaque résultat
Percentile par nombre de réponses
Votre historique - résultats
Vous n’avez pas pris ce quiz